000 00754nam a2200205 i 4500
001 161607
003 ES-MaACL
005 20231228063240.0
008 981201q1885 sp |||| | spa d
100 1 _aPedregal Cañedo, Manuel,
_d1831-1896
_9130930
245 1 0 _aSociedades cooperativas /
_cpor Manuel Pedregal y Cañedo.
260 _aMadrid :
_b[s.n.,
_cca. 1885] (
_fImp. Popular)
300 _a183 p. ;
_c16 cm.
490 1 _aBiblioteca andaluza. 1. Segunda serie ;
_v11
596 _aLa serie "Biblioteca Andaluza" se publica ca. 1880-1889.
650 0 4 _aCooperativas.
_911353
830 0 _aBiblioteca andaluza. 1. Segunda serie ;
_v11
_9222130
852 _aES-MaACL
_jF-5355
_z- Enc. pasta española
999 _c161607
_d161607